Sínodo 1974. (Record no. 144314)

MARC details
000 -LEADER
campo de control de longitud fija 00557nam a2200169 4500
001 - NÚMERO DE CONTROL
campo de control 144314
003 - IDENTIFICADOR DE NÚMERO DE CONTROL
campo de control ES-MaACL
007 - CAMPO FIJO DE DESCRIPCIÓN FÍSICA--INFORMACIÓN GENERAL
campo de control de longitud fija t|
008 - DATOS DE LONGITUD FIJA--INFORMACIÓN GENERAL
campo de control de longitud fija 070214s1975 sp r ||||1| spa d
110 2# - ENTRADA PRINCIPAL--NOMBRE DE ENTIDAD CORPORATIVA
Nombre de entidad corporativa o nombre de jurisdicción como elemento de entrada Iglesia Católica.
Unidad subordinada Synodus Episcoporum
Fecha del congreso o de la firma del tratado (1974)
9 (RLIN) 4675
245 10 - MENCIÓN DEL TÍTULO
Título Sínodo 1974.
260 ## - PUBLICACIÓN, DISTRIBUCIÓN, ETC.
Lugar de publicación, distribución, etc. Madrid :
Nombre del editor, distribuidor, etc. Acción Católica,
Fecha de publicación, distribución, etc. 1975 (
Fabricante Ramos)
300 ## - DESCRIPCIÓN FÍSICA
Extensión 248 p. ;
Dimensiones 19 cm.
500 ## - NOTA GENERAL
Nota general Contiene: Doctrina de Pablo VI ; Visiones de conjunto y documentos sinodales ; Aportación de España.
852 ## - LOCALIZACIÓN
Ubicación ES-MaACL
Número de control de estantería E-7135
Sublocalización o colección R.91424
Holdings
Estatus retirado Estado de pérdida Estado de daño No para préstamo Biblioteca de origen Biblioteca actual Ubicación en estantería Fecha de adquisición Fuente de adquisición Total de préstamos Signatura topográfica completa Código de barras Visto por última vez Precio de reemplazo Tipo de ítem Koha
        Biblioteca del Ateneo de Madrid Biblioteca del Ateneo de Madrid Depósito 2 17/01/2008     E-7135 1150147 23/02/2023 23/02/2023 Libro impreso